The problem of order : (Record no. 77260)
[ view plain ]
| 000 -LEADER | |
|---|---|
| fixed length control field | 01080cam a22002892 4500 |
| 001 - CONTROL NUMBER | |
| control field | 77260 |
| 003 - CONTROL NUMBER IDENTIFIER | |
| rucl marc code | BD-RjUL |
| 005 - DATE AND TIME OF LATEST TRANSACTION | |
| control field | 20211209082942.0 |
| 008 - FIXED-LENGTH DATA ELEMENTS--GENERAL INFORMATION | |
| fixed length control field | 200309s1962 ncu b 000 0 eng |
| 035 ## - SYSTEM CONTROL NUMBER | |
| System control number | OCLC ocm00247957 from D970121M |
| 040 ## - CATALOGING SOURCE | |
| Original cataloging agency | DLC |
| Transcribing agency | CDC |
| Modifying agency | SER |
| -- | DGW |
| -- | EQO |
| Language of cataloging | eng |
| 041 ## - LANGUAGE CODE | |
| Language code of text/sound track or separate title | eng |
| 082 ## - DEWEY DECIMAL CLASSIFICATION NUMBER | |
| Classification number | 822.3581 |
| Edition number | 23 |
| Author mark and year | TAP 1962 |
| 100 1# - MAIN ENTRY--PERSONAL NAME | |
| Personal name | Talbert, Ernest William, |
| Dates associated with a name | 1909- |
| 9 (RLIN) | 240530 |
| 245 14 - TITLE STATEMENT | |
| Title | The problem of order : |
| Remainder of title | Elizabethan political commonplaces and an example of Shakespeare's art./ |
| Statement of responsibility, etc. | ernest william Talbert |
| 260 ## - PUBLICATION, DISTRIBUTION, ETC. (IMPRINT) | |
| Place of publication, distribution, etc. | Chapel Hill : |
| Name of publisher, distributor, etc. | University of North Carolina Press, |
| Date of publication, distribution, etc. | [1962] |
| 300 ## - PHYSICAL DESCRIPTION | |
| Pagination | ix, 244 p. ; |
| Size | 24 cm. |
| 504 ## - BIBLIOGRAPHY, ETC. NOTE | |
| Bibliography, etc | Bibliographical references included in "Notes" (p. [201]-236) |
| 600 10 - SUBJECT ADDED ENTRY--PERSONAL NAME | |
| Personal name | Daniel, Samuel, |
| Dates associated with a name | 1562-1619. |
| Personal name | Shakespeare, William, |
| Dates associated with a name | 1564-1616 |
| General subdivision | Political and social views. |
| 650 #0 - SUBJECT ADDED ENTRY--TOPICAL TERM | |
| Topical term or geographic name as entry element | Political science |
| Geographic subdivision | Great Britain |
| General subdivision | History. |
| 9 (RLIN) | 240533 |
| 942 ## - ADDED ENTRY ELEMENTS (KOHA) | |
| Source of classification or shelving scheme | Dewey Decimal Classification |
| Koha item type | Books |
| Lost status | Source of classification or shelving scheme | Damaged status | Not for loan | Collection code | Permanent Location | Current Location | Shelving location | Date acquired | Source of acquisition | Cost, normal purchase price | Total Checkouts | Full call number | Date last seen | Copy number | Koha item type |
|---|---|---|---|---|---|---|---|---|---|---|---|---|---|---|---|
| Dewey Decimal Classification | Non-fiction | Central Library, University of Rajshahi | Central Library, University of Rajshahi | 25/10/1965 | B.H. Blackwell | 48.00 | 822.3581 TAP 1962 | 09/03/2020 | C-3 | Books | |||||
| Dewey Decimal Classification | Non-fiction | Central Library, University of Rajshahi | Central Library, University of Rajshahi | 16/10/1965 | B.H. Blackwell | 48.00 | 822.3581 TAP 1962 | 09/03/2020 | C-2 | Books |